000 01052nam a22002297a 4500
999 _c60929
_d60929
005 20251125233054.0
008 s2552 th tha d
040 _aNALT
041 _atha
090 _aKC 23 ค121ผ 2552
245 1 0 _aแผนนิติบัญญัติ พ.ศ. 2552-2554
260 3 _aกรุงเทพฯ :
_bสำนักงานคณะกรรมการกฤษฎีกา,
_c2552
300 _a30, 4 หน้า :
_b ตาราง ;
_c 29 ซม.
610 _aสำนักงานคณะกรรมการกฤษฎีกา. สำนักเลขาธิการนายกรัฐมนตรี
650 0 4 _aร่างกฎหมาย -- 2552--2554
650 0 4 _aร่างพระราชบัญญัติ -- 2552--2554
650 0 4 _aแผนนิติบัญญัติ
850 _aNALT
856 4 0 _uhttps://hdl.handle.net/20.500.14156/301268
_71
942 _cLB
_2lcc